National overall development plan, 1961-1969: (Record no. 87542)

MARC details
000 -LEADER
fixed length control field 00620nam a2200205 4500
001 - CONTROL NUMBER
control field sa 68017147
003 - CONTROL NUMBER IDENTIFIER
control field DLC
005 - DATE AND TIME OF LATEST TRANSACTION
control field 20260227112700.0
008 - FIXED-LENGTH DATA ELEMENTS--GENERAL INFORMATION
fixed length control field 710419s1961 io 00010 eng
010 ## - LIBRARY OF CONGRESS CONTROL NUMBER
LC control number sa 68017147
025 ## - OVERSEAS ACQUISITION NUMBER
Overseas acquisition number PL480:Indo-4392
043 ## - GEOGRAPHIC AREA CODE
Geographic area code a-io---
050 0# - LIBRARY OF CONGRESS CALL NUMBER
Classification number HC447
Item number .A5393
082 ## - DEWEY DECIMAL CLASSIFICATION NUMBER
Classification number 338.991
110 10 - MAIN ENTRY--CORPORATE NAME
Corporate name or jurisdiction name as entry element Indonesia.
Subordinate unit Dewan Perantjang Nasional.
-- Sekretariat.
245 1# - TITLE STATEMENT
Title National overall development plan, 1961-1969:
Remainder of title list of projects.
260 0# - PUBLICATION, DISTRIBUTION, ETC.
Place of publication, distribution, etc. Djakarta,
Name of publisher, distributor, etc. Secretariat, National Planning Council
Date of publication, distribution, etc. [1961]
300 ## - PHYSICAL DESCRIPTION
Extent 68 p.
Dimensions 16 x 24 cm.
651 #0 - SUBJECT ADDED ENTRY--GEOGRAPHIC NAME
Geographic name Indonesia
General subdivision Economic policy.

No items available.

Powered by Koha